000 00462nam a2200181Ia 4500
005 20250923144532.0
008 008 250917s9999 xx 000 0 eng d
037 _aTextual
040 _aDSWL
_beng
_cDSWL
041 _aeng
_2eng
084 _qDSWL
100 _aGinsberg, M
_9825867
245 0 _aSociology
_cby M Ginsberg
260 _aLondon
_bOxford Univ Press
_c1955
300 _a255p.
942 _cTEXL
999 _c1440150
_d1440150